Score 0/23 Timer 05:00
0 Plays Today
% Correct
Canada
98.1%
Bahamas
96.2%
Belize
96.2%
Jamaica
96.2%
Mexico
96.2%
Panama
96.2%
United States of America
96.2%
Cuba
94.2%
Costa Rica
92.3%
Haiti
92.3%
Guatemala
90.4%
Dominican Rep.
88.5%
% Correct
El Salvador
88.5%
Honduras
86.5%
Nicaragua
86.5%
Trinidad & Tobago
84.6%
Antigua & Barbuda
78.8%
Barbados
78.8%
Dominica
78.8%
Grenada
75%
St. Vincent & the Grenadines
73.1%
St. Kitts & Nevis
67.3%
St. Lucia
57.7%
Remove Ads.
Support Sporcle.
Get the best of Sporcle when you Go Orange. This ad-free experience offers more features, more stats, and more fun while also helping to support Sporcle. Thank you for becoming a member.

You're not logged in!

Compare scores with friends on all Sporcle quizzes.
OR
Log In

Show Comments

Extras

Top Quizzes Today


Score Distribution

Your Account Isn't Verified!

In order to create a playlist on Sporcle, you need to verify the email address you used during registration. Go to your Sporcle Settings to finish the process.

Report this User

Report this user for behavior that violates our Community Guidelines.

Details: